Statistiques concernant Histoires à reconstituer #2

Cliquez ici pour prendre le quiz!

Statistiques générales

  • Ce quiz a été pris 220 fois
  • Le résultat moyen est 19 sur 25

Statistiques - réponses

HintRéponse% Correct
Et son fidèleChien Idéfix
87%
Accompagné par son amiObélix
86%
Et _____ a repris tout seul.Uderzo
86%
Dans cette BD, le héros principal estAstérix
85%
Il répond :"Non je ne suis pas gros, je suis juste un peu enveloppé"
85%
J'espère que ce quiz vous aPlu
85%
Ils ont écrit une célébreBande-dessinnée
84%
CarIl est tombé dedans quand il était petit
84%
Qu'il boivent avant chaqueBataille
83%
Et qui est fabriquée par leurDruide
83%
Et à bientôt pour une autreHistoire
83%
Du nom dePanoramix
83%
Seul Obélix neut peut pasEn boire
79%
et qu'il n'aime pas quand on lui dit qu'il estGros
79%
À chaque fin d'aventure, il y aUn banquet
75%
Grâce àUne potion magique
75%
Il a quand même écrit ________ tout seul !9 tomes
74%
On retrouve aussi le chef du villageAbraracoursix
72%
Aujoud'hui, nous allons parler _____, Goscinny et UderzoDe deux auteurs
70%
En parlant d'Obélix je dois vous dire qu'il exerce le métierDe livreur de menhirs
68%
Ces gaulois sont connus pourRésister encore et toujours à l'envahissseur
68%
Cette bande-dessinnée, c'estAstérix le Gaulois
66%
Puis ______ est mortGoscinny
66%
Emsemble, ils ont écrit24 tomes
63%
Et __________ qui laisse tomber quand il dit "laissez tomber"Ses deux porteurs
39%

Distribution des résultats

Percentile par nombre de réponses

% des personnes avec chaque résultat

Votre développement - résultats

Vous n’avez pas pris ce quiz